| 000 | 005660000a22001810004500 | ||
|---|---|---|---|
| 020 | _a0-87123-989-2 | ||
| 041 | 0 | _aENG | |
| 082 | 0 | 4 | _aG 253.5 S1321c |
| 100 | 1 | _aSaia, Michael R | |
| 245 | 1 | 0 | _aCounseling the homosexual : A compassionate and biblical guide for pastors and counselors as well as non-professionals and families / Michael R. Saia |
| 260 | _aMinneapolis, Minnesota / Bethany | ||
| 300 | _a237 Pag | ||
| 001 | 6471 | ||
| 942 | _cBK | ||
| 999 |
_c36741 _d36741 |
||
| 336 |
_atexto _btxt _2rdacontent |
||
| 337 |
_2rdamedia _asin mediación _bn |
||
| 338 |
_2rdacarrier _avolumen _bnc |
||